| 000 | 00600nam a2200193 i 4500 | ||
|---|---|---|---|
| 001 | 36811 | ||
| 003 | ES-MaACL | ||
| 005 | 20230906155439.0 | ||
| 007 | t| | ||
| 008 | 030219s1980 sp ||||1| spa d | ||
| 100 | 1 |
_aBoutruche, Robert. _931066 |
|
| 245 | 1 | 0 |
_aSeñorío y feudalismo / _cpor Robert Boutruche ; [traducción Margarita B. Pontieri]. |
| 250 | _a[3ª ed.]. | ||
| 260 |
_a[Madrid, etc.] : _bSiglo Veintiuno, _c[1980] |
||
| 300 |
_a348 p. ; _c21 cm. |
||
| 505 | 8 | _a[V.] 1: Los vínculos de dependencia | |
| 700 | 1 |
_aPontieri, Margarita B. _993062 |
|
| 852 |
_aES-MaACL _jL-217 _bR.101198 |
||
| 999 |
_c36811 _d36811 |
||